• 首页
  • 本馆介绍
  • 公告通知
  • 最新文献
  • 馆藏检索
  • 电子资源
  • 读者导购
  • 参考咨询
  • 我的图书馆
  • 登录
  • 详细信息显示
  • 放入我的书架
  • 预约/预借图书
  • 作者相关作品
  • 分类相关作品
  • 丛书相关作品
  • 出版社相关作品

书目信息

  • 表格格式
  • 工作单格式
  • 卡片格式
题名:
马尔克斯
    
 
作者: 马尔克斯 著 ;杨玲 译
分册:  
出版信息: 海口   南海出版公司  2015.5
页数: 401页
开本: 21cm
丛书名:
单 册:
中图分类: I775.45
科图分类:
主题词: 长篇小说--chang pian xiao shuo--哥伦比亚--现代 , 哥伦比亚--ge lun bi ya
电子资源:
ISBN: 978-7-5442-7761-7
000 00870nam0 22002651 450
001 0102164830
005 20170502164830.0
010    @a978-7-5442-7761-7@b精装@dCNY49.50
100    @a20150615d2015 em y0chiy50 ea
101 0  @achi
102    @aCN@b460000
105    @ay z 000yy
106    @ar
200 1  @a马尔克斯@9ma er ke si@e霍乱时期的爱情@e2015@f(哥伦)马尔克斯著@g杨玲译
210    @a海口@c南海出版公司@d2015.5
215    @a401页@d21cm
330    @a本书为哥伦比亚现代长篇小说。小说写一个男人和一个女人之间爱的故事。
517 1  @a霍乱时期的爱情@9huo luan shi qi de ai qing
606 0  @a长篇小说@9chang pian xiao shuo@y哥伦比亚@z现代
606 0  @a哥伦比亚@9ge lun bi ya
690    @aI775.45@v5
701  0 @c(哥伦)@a马尔克斯@9ma er ke si@4著
702  0 @a杨玲@9yang ling@4译
801  0 @aCN@b百万庄@c20170308
905    @b1001506-11@dI775.45@e54@f6
    
    马尔克斯:霍乱时期的爱情:2015/(哥伦)马尔克斯著/杨玲译.-海口:南海出版公司,2015.5
    401页;21cm
    
    
    ISBN 978-7-5442-7761-7(精装):CNY49.50
    本书为哥伦比亚现代长篇小说。小说写一个男人和一个女人之间爱的故事。
●
相关链接 在E读中查询图书 在五车中查询图书 在当当中查询图书 在豆瓣中查询图书


正题名:马尔克斯     索取号:I775.45/54         预约/预借

序号 登录号 条形码 馆藏地/架位号 状态 备注
1 1001506   210015062   第一样本阅览室/ [索取号:I775.45/54] 在馆    
2 1001507   210015071   教育系资料室/ [索取号:I775.45/54] 在馆    
3 1001508   210015080   教育系资料室/ [索取号:I775.45/54] 在馆    
4 1001509   210015099   教育系资料室/ [索取号:I775.45/54] 在馆    
5 1001510   210015106   第二借阅区/ [索取号:I775.45/54] 在馆    
6 1001511   210015115   第二借阅区/ [索取号:I775.45/54] 在馆    
唐山师范学院图书馆 欢迎您!
大连网信软件有限公司© 版权所有